000 01515cam a2200349 a 4500
999 _c26317
_d26317
001 2927545
005 20170203165729.0
008 890609s1991 enka b 001 0 eng
010 _a 89035777
020 _a0521345537
040 _aDLC
_cDLC
_dDLC
_dOCoLC
_dDLC
043 _ae-gx---
_ae-gw---
050 0 0 _aN6868.5.M63
_bD58 1990
082 0 0 _a709.43/09/04
_220
245 0 4 _aThe Divided heritage :
_bthemes and problems in German modernism /
_cedited by Irit Rogoff.
260 _aCambridge [England] ;
_aNew York :
_bCambridge University Press,
_c1991.
300 _axvi, 390 p. :
_bill. ;
_c26 cm.
500 _aAt head of half title: Royal Academy Symposia volume.
504 _aIncludes bibliographical references (p. 341-376) and index.
650 0 _aModernism (Art)
_zGermany.
650 0 _aModernism (Art)
_zGermany (West)
650 0 _aArt, German
_y20th century.
650 0 _aArt, German
_zGermany (West)
_y20th century.
700 1 _aRogoff, Irit.
710 2 _aRoyal Academy of Arts (Great Britain)
856 4 2 _3Publisher description
_uhttp://www.loc.gov/catdir/description/cam024/89035777.html
856 4 1 _3Table of contents
_uhttp://www.loc.gov/catdir/toc/cam028/89035777.html
906 _a7
_bcbc
_corignew
_d1
_eocip
_f19
_gy-gencatlg
942 _2lcc
_cBOOKS